Дело по отношению Лифляндского губернатора о разрешении выезда за границу сына вдовы фон Вульф

Доступно только в Электронных читальных залах Найти на картеНа карте
RUSMARC
00003711nmc2a22000003x 450
0012188b761-d99b-4c12-9f2a-923ca896cca3
00520210517221547.0
100##$a20190614l18771877k l0rusy0189 ca
1010#$arus
102##$aRU
2001#$aДело по отношению Лифляндского губернатора о разрешении выезда за границу сына вдовы фон Вульф
$j23 марта - 9 апреля 1877 г.
251##$cДело
300##$aПо части секретаря
801#0$aRU
$bРГИА
$c20190614
$gRCR
801#1$aRU
$bГлавНИВЦ
$c20190614
$2rusmarc
801#2$aRU
$bПБ им. Б.Н. Ельцина
$c20210517
$gRCR
$2rusmarc
850##$aРГИА
852##$aРГИА
$eФедеральное казенное учреждение "Российский государственный исторический архив" (РГИА)
$j977
937##$hРГИА
$d12319264
$aASBIBLIO_SCAN
462#0$10019a71d1b5-997f-4838-b400-31c5004a7be7
$12001
$aДела Департамента полиции исполнительной МВД за 1877 год
$1251
$cОпись
$1852
$j38
$l1877 г.
461#0$10013e300ed0-cd39-49af-8489-5ba5b90fa401
$12001
$aДепартамент полиции исполнительной МВД
$1251
$cФонд
$1852
$j1286
215##$a6 л.
$d36,5х26 см
371##$aДокумент не является опубликованным и широко распространяемым
105##$ay###
1222#$ad
035##$a2188b761-d99b-4c12-9f2a-923ca896cca3
856##$uhttp://readingroom.main.prlib.ru/item.aspx?id_node=n164800429&mode=full
Формат отображения